Estatísticas para Participantes da CONMEBOL Sul-Americana 2021

Clique aqui para jogar o quiz

Estatísticas Gerais

  • Esse quiz foi jogado 34 vezes
  • A pontuação média é 19 de 40

Estatísticas das Respostas

PaísTime% Correto
BrasilAthletico Paranaense
93%
BrasilRed Bull Bragantino
89%
BrasilGrêmio
85%
BrasilCeará
81%
BrasilBahia
78%
BrasilCorinthians
78%
BrasilAtlético Goianiense
74%
ArgentinaIndependiente
74%
BrasilSantos
67%
BolíviaBolívar
63%
UruguaiPeñarol
56%
ArgentinaRosário Central
56%
ArgentinaTalleres
56%
ArgentinaLanús
52%
ParaguaiLibertad
52%
ArgentinaSan Lorenzo
52%
EquadorEmelec
48%
EquadorLDU Quito
44%
UruguaiNacional
44%
ArgentinaArsenal de Sarandí
41%
UruguaiMontevideo City Torque
41%
BolíviaGuabirá
37%
BolíviaJorge Wilstermann
37%
ArgentinaNewell’s Old Boys
37%
PeruSporting Cristal
37%
ColômbiaAmérica de Cali
33%
EquadorIndependiente del Valle
33%
ColômbiaJunior Barranquilla
33%
VenezuelaMetropolitanos
33%
VenezuelaAragua
30%
ColômbiaDeportes Tolima
30%
ColômbiaLa Equidad
30%
VenezuelaDeportivo Táchira
26%
ChileHuachipato
26%
PeruMelgar
26%
ChilePalestino
26%
EquadorAucas
22%
ParaguaiRiver Plate
19%
PeruSport Huancayo
19%
Paraguai12 de Octubre
15%

Distribuição das Pontuações

Percentil de Números Respondidos

Porcentagem de Pessoas com Cada Pontuação

Sua Pontuação Histórica

Você não jogou esse quiz